=LDR 00000nam 2200000 4500 =001 INLIS000000000033646 =005 20130612135605 =008 ***********************************ind** =035 ##$$0010-061300000033646 =041 ##$$a ind =082 ##$$a 618.2 =090 ##$$a 618.2, Ver,a =100 ##$$a Verralls,Sylvia =245 ##$$a Anatomi =260 ##$$a 2003 $b Jakarta =300 ##$$a viii,286 hlm., Illus., 24 cm =650 ##$$a Kebidanan-Ilmu =700 ##$$a Hartono =850 ##$$a NBPNMAT